Vplyv antidumpingových ochranných opatrení na zahraničnoobchodné vzťahy EÚ s tretími krajinami bakalárska práca

Gespeichert in:
Bibliographische Detailangaben
1. Verfasser: Líška, Samuel
Körperschaft: Obchodná fakulta EU. Katedra medzinárodného obchodu
Weitere Verfasser: Juhás, Henrich, 1995-
Format: Buch
Sprache:Slowakisch
Veröffentlicht: Bratislava 2023
Tags: Tag hinzufügen
Keine Tags, Fügen Sie das erste Tag hinzu!

MARC

LEADER 00000nbm a2200000 4500
001 0294822
005 20240124095804.5
041 0 |a slo 
044 |a SK 
245 1 0 |a Vplyv antidumpingových ochranných opatrení na zahraničnoobchodné vzťahy EÚ s tretími krajinami  |b bakalárska práca  |c Samuel Líška ; školiteľ: Henrich Juhás 
264 1 |a Bratislava  |c 2023 
300 |a 48 s. 
100 1 |a Líška, Samuel 
700 1 |a Juhás, Henrich, 1995- 
710 2 |a Obchodná fakulta EU. Katedra medzinárodného obchodu